Southville International School and Colleges
Your cart is empty.
  • Cart
  • Lists
    Public lists Eva Luna New books Lux_list list_1
    Your lists Log in to create your own lists
  • Log in to your account
  • Your cookies
  • Search history
Southville International School and Colleges
  • Advanced search
  • Recent comments
  • Most popular
  • Libraries

Log in to your account

Log in with GOOGLE


If you do not have an external account, but do have a local account, you can still log in:

  1. Home
  2. MARC view: Living history /
Normal view MARC view ISBD view

Living history / (Record no. 20281)

[ view plain ]
MARC details
000 -LEADER
fixed length control field 00548nam a2200181 a 4500
005 - DATE AND TIME OF LATEST TRANSACTION
control field 20140310183218.0
008 - FIXED-LENGTH DATA ELEMENTS--GENERAL INFORMATION
fixed length control field 030805s19uu xx 00 eng d
020 ## - INTERNATIONAL STANDARD BOOK NUMBER
International Standard Book Number 0743222245
050 ## - LIBRARY OF CONGRESS CALL NUMBER
Classification number DS 126.6
Item number .C641 2003
100 ## - MAIN ENTRY--PERSONAL NAME
Personal name Clinton, Hillary Rodham
245 ## - TITLE STATEMENT
Title Living history /
Statement of responsibility, etc Hillary Rodham Clinton.
260 ## - PUBLICATION, DISTRIBUTION, ETC. (IMPRINT)
Place of publication, distribution, etc New York :
Name of publisher, distributor, etc Simon & Schuster,
Date of publication, distribution, etc 2003.
300 ## - PHYSICAL DESCRIPTION
Extent 562 p. :
Other physical details ill. ;
Dimensions 22 cm.
650 ## - SUBJECT ADDED ENTRY--TOPICAL TERM
Topical term or geographic name as entry element Clinton, Hillary Rodman, 1947--
650 ## - SUBJECT ADDED ENTRY--TOPICAL TERM
Topical term or geographic name as entry element Clinton, Hillary Rodham
General subdivision Autobiography
942 ## - ADDED ENTRY ELEMENTS (KOHA)
Koha item type Books
Source of classification or shelving scheme Library of Congress Classification
Call number prefix Foreign
Holdings
Withdrawn status Lost status Source of classification or shelving scheme Damaged status Home library Current library Shelving location Date acquired Source of acquisition Cost, normal purchase price Total Checkouts Full call number Barcode Date last seen Date checked out Copy number Price effective from Koha item type
    Library of Congress Classification   College Library College Library General Circulation Section 08/05/2003   1215.00 1 DS 126.6 .C641 2003 C3996 05/15/2018 08/16/2016 1 10/10/2013 Books

Living history /

APA

Clinton H. R., . (2003). Living history. New York: Simon & Schuster.

Chicago

Clinton Hillary Rodham, . 2003. Living history. New York: Simon & Schuster.

Harvard

Clinton H. R., . (2003). Living history. New York: Simon & Schuster.

MLA

Clinton Hillary Rodham, . Living history. New York: Simon & Schuster. 2003.

  • Place hold
  • Print
  • Cite
  • Add to your cart (remove)
  • Save record
    BIBTEX Dublin Core MARCXML MARC (non-Unicode/MARC-8) MARC (Unicode/UTF-8) MARC (Unicode/UTF-8, Standard) MODS (XML) RIS
  • More searches
    Search for this title in:
    Other Libraries (WorldCat) Other Databases (Google Scholar) Online Stores (Bookfinder.com) Open Library (openlibrary.org)

Exporting to Dublin Core...

SOUTHVILLE LIBRARY

Southville International School and Colleges Library

1281 Tropical Ave. Cor. Luxembourg St., BF Homes International, Las Pinas City

Tel. No. 8256374 / 252358 Loc. 117/146

Powered by Koha